| 000 | 00614nam a2200181 i 4500 | ||
|---|---|---|---|
| 001 | 38265 | ||
| 003 | ES-MaACL | ||
| 005 | 20230906155728.0 | ||
| 007 | t| | ||
| 008 | 030225s1963 sp ||||1| spa d | ||
| 100 | 1 |
_aCalder, Ritchie. _933583 |
|
| 245 | 1 | 3 |
_aLa herencia del hombre _b: la historia del hombre y del mundo que ha hecho / _cpor Ritchie Calder ; [traducción de Consuelo G. de Ortega]. |
| 250 | _a1ª ed. | ||
| 260 |
_aBarcelona, etc. : _bPlaza y Janés, _c[1963] |
||
| 300 |
_a418 p., 8 lám. : _bil. ; _c23 cm. |
||
| 700 | 1 |
_aOrtega, Consuelo G. de. _987399 |
|
| 852 |
_aES-MaACL _jC-22856 _bR.51634 |
||
| 999 |
_c38265 _d38265 |
||